000 00373nam a2200145Ia 4500
008 230917s9999||||xx |||||||||||||| ||und||
040 _e22875
_aMAIN
041 _aEnglish
082 _a342.54 S164L
100 _aSinha, A N
245 0 _aLaw of citizenship and aliens in India
260 _aBombay
_bAsia Publishing House
_c1962
300 _axxii, 387 p.
942 _cBK
999 _c182100
_d182100